000 00424nam a2200169Ia 4500
008 180921t2018 xxu||||| |||| 00| 1 sin d
041 _asin
080 _aX8C31
_bDAY
100 _aDayananda, Charls
245 _aපිටස්තරයෝ
246 _aPiastharayo
260 _bAgahas Prakashana
_aRajagiriya
_c2018
300 _a168p., 21cm
942 _cBK
999 _c8259
_d8259
003 LK-CoDNM
040 _aLK-CoDNM
_dLK-CoDNM
_eLK-CoDNM